| 000 | 00476nam a22001697a 4500 | ||
|---|---|---|---|
| 003 | AM-YeHGA | ||
| 005 | 20250618074909.0 | ||
| 008 | 180731b ||||| |||| 00| 0 rus d | ||
| 040 | _aAM-YeHGA | ||
| 100 | 1 |
_aГорький, Максим. _9558 |
|
| 245 | 1 | 0 |
_aРассказы / _cМ. Горький. |
| 260 |
_aГорький: _bОбл. изд-во, _c1946. |
||
| 300 | _a240 с. | ||
| 653 | 0 | _aРусская литература | |
| 942 |
_2udc _cBK |
||
| 090 | _c412084 | ||
| 999 |
_c409796 _d409796 |
||